Orientaciones pedagógicas

Gorde:
Xehetasun bibliografikoak
Erakunde egilea: Universidad Católica de Valparaíso (Egilea)
Formatua: Liburua
Hizkuntza:gaztelania
Argitaratua: Valparaíso Universidad Católica de Valparaíso 2000
Gaiak:
Etiketak: Etiketa erantsi
Etiketarik gabe, Izan zaitez lehena erregistro honi etiketa jartzen!

MARC

LEADER 00000cam a2200000 a 4500
001 UCF6483
003 CL-VaPUC
008 130425e20000000CL |||||||||||||||||spa|d
082 0 4 |a 378.83  |b UNI  |2 21 
110 2 |a Universidad Católica de Valparaíso  |e author  |9 568466 
245 1 0 |a Orientaciones pedagógicas 
300 |a 16 p 
942 |c BK 
945 |d 20130425 00:00:00  |a dcastane 
260 |a Valparaíso  |b Universidad Católica de Valparaíso  |c 2000 
650 0 |a Educación superior   |9 223851 
650 0 |a Universidades  |9 256317 
650 0 |a Universidades chilenas  |9 407335 
650 7 |a ORIENTACION EDUCACIONAL  |2 CL-VaPUC  |9 312512 
583 |a last modification  |c 20130425 11:23:00  |k Rodrigo Vera 
999 |c 351661  |d 351659 
952 |0 0  |1 0  |4 0  |6 378_830000000000000_UNI_2000  |7 0  |8 X  |9 455898  |a FDOBUD  |b FDOBUD  |d 2019-11-22  |i 4968050  |o 378.83 UNI 2000  |p 4968050  |r 2019-11-22  |w 2019-11-22  |y BK_X  |k FHP 
952 |0 0  |1 0  |4 0  |6 378_830000000000000_UNI_2000  |7 0  |8 X  |9 455899  |a FDOBUD  |b FDOBUD  |d 2019-11-22  |i 4968069  |o 378.83 UNI 2000  |p 4968069  |r 2019-11-22  |w 2019-11-22  |y BK_X  |k FHP